000 00618nam a2200205Ia 4500
003 GCL
008 140319s9999 xx 000 0 ara d
040 _aGCL /
_cGCL
082 0 4 _a811.094
_bا ب
100 1 _aامال العمدة
245 1 0 _aالبوح بعد الصمت /
_cامال العمدة
260 _a[S.N] :
_bالهيئة المصرية العامة للكتاب
300 _a251 ص
490 _a
650 0 4 _aالشعر العربى
650 0 4 _aالادب العربى
650 0 4 _aالشعر الحر
650 0 4 _aالشعر العربى - العصر الحديث
942 _2ddc
_cBK
999 _c30321
_d30321